| 000 | 01138nam a2200241 i 4500 | ||
|---|---|---|---|
| 001 | bg | ||
| 245 | 0 | 0 |
_aKultura pogranicza - pogranicze kultur = _b=Kul'tura pogranič'ja - pogranič'e kul'tur / _cred. nauk. Adam Bobryk ; Siedleckie Stowarzyszenie Społeczno-Kulturalne "Brama", Wyższa Szkoła Humanistyczna im. Aleksandra Gieysztora. |
| 246 | 1 | 1 | _aKul'tura pogranič'ja - pogranič'e kul'tur |
| 260 |
_aSiedlce : _bSiedleckie Stowarzyszenie Społeczno-Kulturalne "Brama" ; _aPułtusk : _bWyższa Szkoła Humanistyczna im. Aleksandra Gieysztora, _c2005. |
||
| 300 |
_a269 s. : _bil. ; _c21 cm. |
||
| 500 | _aTekst częśc. ros. Streszcz. ros., pol. przy pracach. | ||
| 504 | _aBibliogr. selektywna publ. pol. poświęconych problematyce pogranicza i tożsamości narodowej s. 253-260. | ||
| 650 | 9 |
_aRegiony przygraniczne _xkultura _zEuropa Środkowo-Wschodnia |
|
| 700 | 1 |
_aBOBRYK, Adam. _eRed. |
|
| 015 | _aPB 4961/2006 | ||
| 020 | _a8389709546 (WSH) | ||
| 040 | _cBPK | ||
| 041 | 0 |
_apolrus _bruspol |
|
| 080 | _a316.7(4-191.2-11) | ||
| 920 | _a83-89709-54-6 (WSH) | ||
| 942 | _cKS | ||
| 008 | s pl f |000 0 pol | ||
| 999 |
_c52626 _d52626 |
||